Der nackte Mann /

Bibliographic Details
Main Author: Dorst, Tankred
Other Authors: Ehler, Ursula, Grützke, Johannes, 1937-
Format: Book
Language:German
Published: Frankfurt am Main : Insel, 1986.
Edition:1. Aufl.
Series:Insel Taschenbuch ; 857.

MARC

Tag First Indicator Second Indicator Subfields
LEADER 00000cam a2200000 a 4500
001 in00000433666
005 20151012072712.0
008 861211s1986 gw a 00011 ger d
020 |a 3458325573 
035 |a (OCoLC)14956003 
035 |9 ABW9496AM 
040 |a TXH  |c TXH  |d TXA  |d UtOrBLW 
049 |a TXAM  |c [A10006665] 
090 |a PT2607.O797  |b N3 1986 
100 1 |a Dorst, Tankred. 
245 1 4 |a Der nackte Mann /  |c Tankred Dorst ; mitarbeit, Ursula Ehler ; mit farbigen zeichnungen von Johannes Grutzke. 
250 |a 1. Aufl. 
264 1 |a Frankfurt am Main :  |b Insel,  |c 1986. 
300 |a 66 pages :  |b color illustrations ;  |c 18 cm. 
336 |a text  |b txt  |2 rdacontent 
337 |a unmediated  |b n  |2 rdamedia 
338 |a volume  |b nc  |2 rdacarrier 
490 1 |a Insel Taschenbuch ;  |v 857 
700 1 |a Ehler, Ursula. 
700 1 |a Grützke, Johannes,  |d 1937- 
830 0 |a Insel Taschenbuch ;  |v 857. 
999 |a MARS 
999 f f |s afbb824e-2653-346e-802c-86ed43e3136a  |i a5d8246a-1183-309e-8416-c6edd05f556a  |t 0 
952 f f |p normal  |a Texas A&M University  |b College Station  |c Sterling C. Evans Library  |d Evans: Library Stacks  |t 0  |e PT2607.O797 N3 1986  |h Library of Congress classification  |i unmediated -- volume  |m A14810006665 
998 f f |a PT2607.O797 N3 1986  |t 0  |l Evans: Library Stacks